000 00481nam a2200133Ia 4500
008 151001s9999||||xx |||||||||||||| ||und||
100 _aबा गं आचरेकर
245 _aभारतीय संगीत व संगीत शास्त्र
250 _a1
260 _bमहाराष्ट्र राज्य साहित्य संस्कुती मंडळ मुंबई
260 _c1974
300 _a463
365 _b21
999 _c976534
_d976531